000 00582cam a22002171 4500
001 ne 63001500
003 DLC
005 20260227111748.0
008 880902q tu ach 000 0 tur
010 _ane 63001500
035 _a(OCoLC)23562048
040 _aDLC
_cMiU
_dDLC
042 _apremarc
043 _aa-tu---
050 0 0 _aHX357
_b.D3
100 1 _aDarendelioğlu, İlhan E.
245 1 0 _aTürkiyede komünist hareketleri.
260 _a[İstanbul,
_b1961-62, v.
_c1, 1962]
300 _a2 v. in 1. illus., ports., facsims.
_c17 cm.
650 0 _aCommunism
_zTurkey.
999 _c46120
_d46120